| 000 | 00407 a2200157 4500 | ||
|---|---|---|---|
| 003 | Nust | ||
| 005 | 20230316140018.0 | ||
| 040 | _cNust | ||
| 082 | _a355.0092,YOU | ||
| 100 |
_aBrig (Retd) Muhammad Yousaf _9110449 |
||
| 245 |
_aKhamush Mujahid / _cBrig Mohammad Yousaf |
||
| 260 |
_aLahore _bJang Publishers _c1992 |
||
| 300 | _a115 | ||
| 650 |
_a Soldier (Urdu) _9110450 |
||
| 942 |
_2ddc _cBK _k355.0092,YOU |
||
| 999 |
_c187672 _d187672 |
||